000 00833nam a22002177a 4500
003 OSt
005 20160601133844.0
008 131002t xxu||||| |||| 00| 0 eng d
050 _aLB 1028
_b.N532 1991
082 _aGLT 379.15
_bUn3 1991
110 _aUNESCO Principal Regional Office for Asia and the Pacific
_922690
245 _aNew training strategies in educational planning and management; report. Bangkok, 1991 /
260 _aThailand :
_bUNESCO Principal Regional Office for Asia and the Pacific,
_c1991
300 _a49 p. :
_c27 cm.
650 _aEducational Planning--Asia /Pacific
_922691
650 _aEducational Management--Asia/Pacific
_922692
650 _aEducational Administrators--Asia/Pacific
_922693
650 _aEducational Personnel Training--Asia/Pacific
_922694
942 _2lcc
_cBK
999 _c12613
_d12613